| 000 | 00623nam a2200265Ia 4500 | ||
|---|---|---|---|
| 003 | OSt | ||
| 005 | 20220912152006.0 | ||
| 006 | a|||||r|||| 00| 0 | ||
| 007 | ta | ||
| 008 | 220909b |||||||| |||| 00| 0 eng d | ||
| 024 | _a62416 | ||
| 037 | _cTextual | ||
| 040 |
_aCSL _beng _cCSL |
||
| 041 | _aeng | ||
| 082 | _aL:63, J4;L0 | ||
| 100 | _aGrollman A | ||
| 245 | 0 | _aPharmacology and therapeutics | |
| 250 | _a7 | ||
| 260 | _c1970 | ||
| 300 |
_ap. _ccm. |
||
| 650 | _aMedicine | ||
| 700 | _a Grollman E F | ||
| 942 |
_hL:63, J4;L0 _cTEXL _2CC |
||
| 999 |
_c78835 _d78835 |
||